000 00702nam a2200229 i 4500
001 7665
003 ES-MaACL
005 20250811100100.0
007 t|
008 910320s1991 sp ||||1| eng d
020 _a84-7658-225-0 (O.C.)
080 _a616.89(02)
245 0 4 _aThe European handbook of psychiatry and mental health /
_cAntonio Seva (director).
250 _a1st ed.
260 _aBarcelona :
_bAnthropos :
_b; Zaragoza : Prensas Universitarias,
_c1991.
300 _a2 v. ;
_c24 cm.
500 _aIndices.
650 1 7 _aPsiquiatría
_2embne
_916586
700 1 _aSeva, Antonio,
_edir.
_9195502
852 _aES-MaACL
_jL-14978-79
_bR.119234
_z. - guaflex
999 _c7665
_d7665